|
|
|
|
| LEADER |
01391nam a2200349 a 4500 |
| 001 |
33319 |
| 003 |
BD-DhAAL |
| 005 |
20250625115316.0 |
| 008 |
180709t1996 nyua b 001 0 eng |
| 010 |
|
|
|a 96003910
|
| 020 |
|
|
|a 0801432405
|
| 020 |
|
|
|a 0801486254
|
| 035 |
|
|
|a 2670408
|
| 040 |
|
|
|a DLC
|b eng
|c DLC
|d DLC
|d LC
|d BD-DhAAL
|
| 050 |
0 |
0 |
|a Q175
|b .M415 1996
|
| 082 |
0 |
0 |
|a 501
|2 20
|
| 100 |
1 |
|
|a McAllister, James W.
|q (James William),
|d 1962-
|9 26787
|
| 245 |
1 |
0 |
|a Beauty & revolution in science /
|c James W. McAllister.
|
| 246 |
3 |
0 |
|a Beauty and revolution in science
|
| 260 |
|
|
|a Ithaca :
|b Cornell University Press,
|c c1996.
|
| 300 |
|
|
|a xi, 231 pages :
|b illustrations ;
|c 24 cm.
|
| 504 |
|
|
|a Includes bibliographical references and index.
|
| 526 |
|
|
|a ARC
|
| 541 |
|
|
|a Department of Architecture
|e 33319
|
| 650 |
|
0 |
|a Science
|x Philosophy.
|9 26788
|
| 650 |
|
0 |
|a Science
|x Mathematical models.
|9 26789
|
| 650 |
|
0 |
|a Aesthetics.
|9 26790
|
| 650 |
|
0 |
|a Rationalism.
|9 26791
|
| 852 |
|
|
|a Department of Architecture
|c General Stacks
|
| 942 |
|
|
|2 ddc
|c BK
|
| 999 |
|
|
|c 39624
|d 39624
|
| 952 |
|
|
|0 0
|1 1
|2 ddc
|4 0
|6 501_000000000000000_MCA
|7 0
|9 63643
|a ARC
|b ARC
|c GEN
|d 2018-07-09
|e Department of Architecture
|l 0
|o 501 MCA
|p 3010033319
|r 2018-07-09
|t 1
|w 2018-07-09
|y BK
|x lost from the ARC department library and approved by the Dean (reasons personal books withdrawn by Hasibul Kabir Sir and Building shifting)
|